00519 2200121 4500001002100000005001500021035002000036245015400056110006700210300003100277260008300308020000600391INLIS00000000000219920260423081148 a0010-04260000301 aLaporan Kinerja 2025 Pusat Perakitan dan Modernisasi Peternakan dan Kesehatan Hewan /cPusat Perakitan dan Modernisasi Peternakan dan Kesehatan Hewan2 aPusat Perakitan dan Modernisasi Peternakan dan Kesehatan Hewan bxvi+158 hlm.; ilus.; 25 cm aBogor :bPusat Perakitan dan Modernisasi Peternakan dan Kesehatan Hewan,c2026 a-